000 00345 a2200169 4500
001 175146
020 _a85-16-01961-6
040 _cMagnum
100 _aVenezia, Mike
240 1 0 _aSalvador Dalí
_lpor
245 1 0 _aSalvador Dalí
300 _a32
362 0 _a1998
440 1 _aModerna
697 _aPINTORES E PINTURAS
942 _cBK
999 _c175146
_d175146